000
00348pam a2200157a 44500
008
230515b2000 xxu||||| |||| 00| 0 eng d
020
_a
NULL
041
_a
ENGL
082
_a
621.8/ BEV
100
_a
BEVAN T.
245
_a
THE THEORY OF MACHINES (BEV)
250
_a
N.D.
260
_a
NULL
_b
C.B.S
_c
2000
300
_a
619 PB
650
_a
NULL
999
_c
634157
_d
634157